<?xml version="1.0" encoding="UTF-8"?>
<collection xmlns="http://www.loc.gov/MARC21/slim">
 <record>
  <leader>00753nam a2200217   4500</leader>
  <controlfield tag="001">000005428</controlfield>
  <controlfield tag="003">1572</controlfield>
  <controlfield tag="005">20150812140830.0</controlfield>
  <controlfield tag="008">110816s                               sd</controlfield>
  <datafield tag="100" ind1="0" ind2=" ">
   <subfield code="a">Nguyễn Mạnh Tuấn</subfield>
  </datafield>
  <datafield tag="245" ind1="0" ind2="0">
   <subfield code="a">Cù lao tràm</subfield>
   <subfield code="b">Tiểu thuyết</subfield>
   <subfield code="c">Nguyễn Mạnh Tuấn</subfield>
  </datafield>
  <datafield tag="774" ind1=" " ind2=" ">
   <subfield code="a">Nguyễn Mạnh Tuấn</subfield>
   <subfield code="b">Tái bản lần thứ 1</subfield>
   <subfield code="d">Hải Phòng</subfield>
   <subfield code="d">Nxb. Hải Phòng</subfield>
   <subfield code="d">1985</subfield>
   <subfield code="g">Tập 1</subfield>
   <subfield code="h">275 tr</subfield>
   <subfield code="w">1574</subfield>
  </datafield>
  <datafield tag="774" ind1=" " ind2=" ">
   <subfield code="a">Nguyễn Mạnh Tuấn</subfield>
   <subfield code="b">Tái bản lần thứ 1</subfield>
   <subfield code="d">Tp. Huế</subfield>
   <subfield code="d">Nxb. Thuận Hóa</subfield>
   <subfield code="d">1985</subfield>
   <subfield code="g">Tập 2</subfield>
   <subfield code="h">349 tr</subfield>
   <subfield code="w">1575</subfield>
  </datafield>
  <datafield tag="OWN" ind1=" " ind2=" ">
   <subfield code="a">LSP</subfield>
  </datafield>
  <datafield tag="999" ind1=" " ind2=" ">
   <subfield code="a">From the UDN01</subfield>
  </datafield>
  <datafield tag="TYP" ind1=" " ind2=" ">
   <subfield code="a">Monograph</subfield>
  </datafield>
  <datafield tag="TYP" ind1=" " ind2=" ">
   <subfield code="a">Printed language</subfield>
  </datafield>
  <datafield tag="980" ind1=" " ind2=" ">
   <subfield code="a">Mạng thư viện Đại học Đà Nẵng</subfield>
  </datafield>
 </record>
</collection>
